=LDR 00000nam 2200000 4500 =001 000287 =990 ##$$a TBM202500094 =005 20250710010521 =035 ##$$a 0010-0725000131 =245 1#$$a Di Manakah Nandini? /$c Anitha Murthy =100 #$$a Murthy, Anitha =250 ##$$a Cetakan Pertama =300 ##$$a 24 hlm. : $b ilus. ; $c 22,9 cm =260 ##$$a Jakarta :$b Badan Pengembangan dan Pembinaan Bahasa,$c 2022 =082 ##$$a 398.209 598 =084 ##$$a 398.209 598 MUR d =020 ##$$a 978-623-472-197-3 =600 #4$$a CERITA ANAK INDONESIA-TERJEMAHAN =600 #4$$a LITERASI-BAHAN BACAAN